| 000 | 00442 a2200157 4500 | ||
|---|---|---|---|
| 003 | NUST | ||
| 038 | _aA | ||
| 082 |
_a330 _bSBP |
||
| 100 |
_aState Bank of Pakistan _912304 |
||
| 245 |
_aInternational Investment Position of Pakistan _cState Bank of Pakistan. |
||
| 260 |
_aPakistan _bState Bank of Pakistan. _c2009. |
||
| 300 | _a51p. | ||
| 500 | _aPaper cover | ||
| 563 | _aP.B | ||
| 942 |
_aNBS _cBK _k332.1224’9591 SBP _2ddc |
||
| 999 |
_c349184 _d349184 |
||